Sports Quiz

Random Sports or World Cup Quiz

France top goalscorers by tournament Quiz Stats

 Plays Quiz not verified by Sporcle

Score 0/34 Timer 05:00
0 Plays Today
Tournament Player % Correct
1950 FIFA World CupDNP
100%
1962 FIFA World CupDNP
99.9%
1964 UEFA EuroDNP
99.9%
1968 UEFA EuroDNP
99.9%
1970 FIFA World CupDNP
99.9%
1972 UEFA EuroDNP
99.9%
1974 FIFA World CupDNP
99.9%
1976 UEFA EuroDNP
99.9%
1980 UEFA EuroDNP
99.9%
1988 UEFA EuroDNP
99.9%
1990 FIFA World CupDNP
99.9%
1994 FIFA World CupDNP
99.9%
2002 FIFA World CupN/A
99.6%
2006 FIFA World CupZinedine Zidane & Thierry Henry
98.9%
1998 FIFA World CupThierry Henry
98.2%
2000 UEFA EuroThierry Henry
98.2%
2008 UEFA EuroThierry Henry
98.2%
Tournament Player % Correct
2014 FIFA World CupKarim Benzema
95.1%
1986 FIFA World CupMichel Platini, Yannick Stopyra & Jean Pierre Papin
94.6%
2004 UEFA EuroZinedine Zidane
94.2%
1978 FIFA World CupChristian Lopez, Michel Platini, Marc Berdoll, Bernard Lacombe & Dominique Rocheteau
93.9%
1984 UEFA EuroMichel Platini
93.9%
1958 FIFA World CupJust Fontaine
86.5%
1992 UEFA EuroJean-Pierre Papin
85.7%
2010 FIFA World CupFlorent Malouda
78.1%
1996 UEFA EuroLaurent Blanc, Youri Djorkaeff, Christophe Dugarry & Patrice Loko
75%
2012 UEFA EuroYohan Cabaye, Jérémy Ménez & Samir Nasri
64.4%
1954 FIFA World CupRaymond Kopa & Jean Vincent
60.2%
1982 FIFA World CupAlain Giresse
52.6%
1934 FIFA World CupJean Nicolas & Georges Verriest
8.6%
1938 FIFA World CupJean Nicolas
8.6%
1966 FIFA World CupHector De Bourgoing & Gérard Hausser
3.6%
1930 FIFA World CupAndré Maschinot
2.3%
1960 UEFA EuroFrançois Heutte
2%

You're not logged in!

Compare scores with friends on all Sporcle quizzes.
OR
Log In

You Might Also Like...

Show Comments

Extras

Top Quizzes Today


Score Distribution

Your Account Isn't Verified!

In order to create a playlist on Sporcle, you need to verify the email address you used during registration. Go to your Sporcle Settings to finish the process.

Report this User

Report this user for behavior that violates our Community Guidelines.

Details: